000 01115nam a22002777a 4500
999 _c64159
_d64159
005 20240530110717.0
008 180310s2016 ua a g b 000 0 ara d
017 _a2016/8054
_bمصر. دار الكتب
020 _a9789773192730
040 _aEG-CaGPL
_cEG-CaGPL
082 0 4 _221
_a327.561\
_bم س
100 0 _aمحمد طالب حميد
245 1 2 _aالسياسة الخارجية التركية واثرها على الامن العربى /
_cمحمد طالب حميد .
250 _aط.1
260 _aالقاهرة :
_bالعربى للنشر و التوزيع ،
_c2016 .
300 _a255 ص. ؛
_c24 سم.
650 _2qrmak
651 0 7 _2qrmak
_aتركيا
_xالعلاقات الخارجية
651 0 7 _2qrmak
_aكركوك
651 0 7 _2qrmak
_aتركيا
_xالعلاقات الخارجية
_zالعراق
651 0 7 _2qrmak
_aتركيا
_xالاحوال السياسية
651 0 7 _2qrmak
_aتركيا
_xالسياسة العسكرية
651 0 7 _2qrmak
_aتركيا
_xالتنمية السياسية
942 _2ddc
_cBK